Kapitálové trhy v strednej Európe
Materiály prevzaté zo servisu agentúry Bloomberg Business News. - Oživenie slovenského kapitálového trhu sa očakáva až po voľbách, obmedzenie z dôvodu politického vývoja aj v Maďarsku. Dohoda o splácaní poľského dlhu. V Česku priaznivá situácia. Česká národná banka vyšetruje emisiu "kvalitných banko...
Guardado en:
| Formato: | Capítulo de libro |
|---|---|
| Lenguaje: | eslovaco |
| Materias: | |
| Etiquetas: |
Sin Etiquetas, Sea el primero en etiquetar este registro!
|
MARC
| LEADER | 00000naa a2200000 4500 | ||
|---|---|---|---|
| 001 | r014607 | ||
| 005 | 20221213114509.7 | ||
| 041 | 0 | |a slo | |
| 044 | |a SK | ||
| 245 | 1 | 0 | |a Kapitálové trhy v strednej Európe |
| 520 | |a Materiály prevzaté zo servisu agentúry Bloomberg Business News. - Oživenie slovenského kapitálového trhu sa očakáva až po voľbách, obmedzenie z dôvodu politického vývoja aj v Maďarsku. Dohoda o splácaní poľského dlhu. V Česku priaznivá situácia. Česká národná banka vyšetruje emisiu "kvalitných bankových cenných papierov" Banky Bohemia. | ||
| 610 | 2 | 0 | |a trh kapitálový |
| 610 | 2 | 0 | |a stredná Európa |
| 610 | 2 | 0 | |a Slovensko |
| 610 | 2 | 0 | |a politika |
| 610 | 2 | 0 | |a Česko |
| 610 | 2 | 0 | |a Banka Bohemia, a.s. Praha |
| 610 | 2 | 0 | |a Poľsko |
| 610 | 2 | 0 | |a Maďarsko |
| 610 | 2 | 0 | |a ČNB Praha |
| 610 | 2 | 0 | |a burzy |
| 610 | 2 | 0 | |a akcie |
| 610 | 2 | 0 | |a papiere cenné |
| 610 | 2 | 0 | |a banky emisné |